000 02342nab a2200337 a 4500
005 20210219162345.0
008 991125s1985 mx 000 0 spa u
035 _aUPN01000202506
049 _aART-E
100 1 _aAntúnez, Juan M.
100 1 _aNavarro, José Francisco
100 1 _aAdan, Ana
100 1 _uaadan@ub.edu
222 0 _aANALES DE PSICOLOGIA
245 0 0 _aTipología circadiana y problemas de salud mental
260 _aEspaña
300 _a971-984
362 0 _a2014 Vol. 30, no. 3, oct.
520 3 _aLa tipología circadiana (matutina, vespertina o intermedia) es una diferencia individual que se ha relacionado con numerosos aspectos de la salud mental. En este estudio se revisan los principales hallazgos publicados en el área. Tras la búsqueda bibliográfica en las principales bases de datos se seleccionaron un total de 70 artículos publicados en castellano e inglés entre los años 1990 y 2012, recogidos en las bases de datos ISI, Scopus y Medline, donde se muestra que los individuos vespertinos presentan una mayor prevalencia de trastorno afectivo estacional, depresión mayor, trastorno bipolar, esquizofrenia, trastornos de la conducta alimentaria, trastornos del sueño, conductas adictivas, TDAH y mayores niveles de ansiedad que los matutinos. La tipología vespertina se perfila como un factor de riesgo y la matutina como un factor protector para el desarrollo de diversas psicopatologías, apuntándose como posibles causas polimorfismos de los genes reloj, el jet-lag social y algunos rasgos de personalidad. La tipología circadiana debe considerarse en la evaluación, tratamiento y prevención de las psicopatologías, pues afecta al inicio, curso, remisión y recaída de las mismas. La utilización de terapia cronobiológica es un factor a tener en cuenta en el abordaje terapéutico cuando la expresión rítmica circadiana se halla alterada
653 0 _aSALUD MENTAL
653 0 _aRASGOS DE LA PERSONALIDAD
653 0 _aPSICOPATOLOGIA
653 0 _aTIPOLOGIA CIRCADIANA
653 0 _aREVISION BIBLIOGRAFICA SISTEMATICA
856 4 _uhttp://revistas.um.es/analesps/article/view/168901/165101
905 _aArticulo
336 _atexto$2rdacontent
337 _acomputadora$2rdamedia
338 _arecurso en linea$2rdacarrier
999 _c174607
_d174607